000 00771nam a2200217Ia 4500
003 GCL
008 140319s9999 xx 000 0 ara d
040 _aGCL /
_cGCL
082 0 4 _a953.079
_bع ب
100 1 _aعصام الدين عبدالرؤوف الفقى
245 1 0 _aبلاد الهند فى العصر الاسلامى: منذ فجر الاسلام حتى الغزو التيمورى /
_cعصام الدين عبدالرؤوف الفقى
260 _a[S.N] :
_bعالم الكتب الحديث ،
_c1980
300 _a276 ص
490 _a
650 0 4 _aالتاريخ الاسلامى
650 0 4 _aالاسلام فى الهند
650 0 4 _aالهند
650 0 4 _aالحضارة الاسلامية
650 0 4 _aالمغول
942 _2ddc
_cBK
999 _c35767
_d35767